00925nac a22002411i 4500003000900000005001700009008004100026040004300067082001900110100004300129245010200172264003700274300004000311336002600351337002800377338002700405504005200432650002600484655001700510942001200527999001500539952012900554EG-ScBUE20241110104416.0241110s1969 ru a f b 001 0 eng d aEG-ScBUEbengerdacEG-ScBUEdEG-ScBUE04a519.1bGNE2221 aGnedenko, Boris Vladimh, eauthor.14aThe theory of probability /cby B. V. Gnedenko ; translated from the Russian by George Yankovsky. 1aMoscow :bMIR Publishers,c1969. a405 pages :billustrations ;c22 cm 2rdacontentatextbtxt aunmediated2rdamediabn avolumebnc2rdacarrier aIncludes bibliographical references and index.  7aProbabilities.2BUEsh vReading book cBB2ddc c4562d4562 00102ddc40708BaccahaMAINbMAINc1STd2010-09-07ePurchasel0o519.1 GNEp000005701r2025-07-15 00:00:00w2007-09-10yBB